000 01032cam a2200265 a 4500
001 13593171
005 20241217131547.0
008 040514s2005 enka b 001 0 eng
020 _a1403933456 (cloth)
050 0 0 _aP301.5.M48
_bH57 2005
082 0 0 _a401/.43
_222
100 1 _aHiraga, Masako.
245 1 0 _aMetaphor and iconicity :
_ba cognitive approach to analysing texts /
_cMasako K. Hiraga.
260 _aHoundmills, Basingstoke, Hampshire ;
_aNew York :
_bPalgrave Macmillan,
_c2005.
300 _axvi, 261 p. :
_bill. ;
_c23 cm.
650 0 _aMetaphor.
650 0 _aIconicity (Linguistics)
650 0 _aDiscourse analysis.
650 0 _aPoetics.
650 0 _aCognitive grammar.
856 4 1 _3Table of contents only
_uhttp://www.loc.gov/catdir/toc/fy053/2004052323.html
856 4 2 _3Contributor biographical information
_uhttp://www.loc.gov/catdir/enhancements/fy0618/2004052323-b.html
856 4 2 _3Publisher description
_uhttp://www.loc.gov/catdir/enhancements/fy0618/2004052323-d.html
942 _2lcc
_cBK
_n0
999 _c2400
_d2400